Normal view
MARC view
Entry Personal Name
001 - CONTROL NUMBER
- control field: 160795
003 - CONTROL NUMBER IDENTIFIER
- control field: OSt
005 - DATE AND TIME OF LATEST TRANSACTION
- control field: 20220923211551.0
008 - FIXED-LENGTH DATA ELEMENTS
- fixed length control field: 220923|| aca||aabn | a|a d
040 ## - CATALOGING SOURCE
- Original cataloging agency: OSt
- Transcribing agency: OSt
100 ## - HEADING--PERSONAL NAME
- Personal name: श्रीवास्तव, कमल स्वरूप, ले
670 ## - SOURCE DATA FOUND
- Source citation: Work cat.: (OSt)300833: श्रीवास्तव, कमल स्वरूप, ले., पं मदन मोहन मालवीय और हिन्दू महासभा, 2020
